Central Library OPAC University of Rajshahi

The old wives' tale / (Record no. 83891)

MARC details
000 -LEADER
fixed length control field 00665nam a22002292 4500
001 - CONTROL NUMBER
control field 83891
003 - CONTROL NUMBER IDENTIFIER
rucl marc code BD-RjUL
005 - DATE AND TIME OF LATEST TRANSACTION
control field 20240604123754.0
008 - FIXED-LENGTH DATA ELEMENTS--GENERAL INFORMATION
fixed length control field 240604s19661935enk 000 1 eng d
035 ## - SYSTEM CONTROL NUMBER
System control number (BD-RjUL)83891
040 ## - CATALOGING SOURCE
Original cataloging agency DLC
Transcribing agency CarP
Modifying agency DLC
-- BD-RjUL
Language of cataloging eng
041 ## - LANGUAGE CODE
Language code of text/sound track or separate title eng
082 ## - DEWEY DECIMAL CLASSIFICATION NUMBER
Edition number 23
Classification number 823.914
Author mark and year BEO 1966
100 1# - MAIN ENTRY--PERSONAL NAME
Personal name Bennett, Arnold,
Dates associated with a name 1867-1931.
9 (RLIN) 56512
245 14 - TITLE STATEMENT
Title The old wives' tale /
Statement of responsibility, etc. Arnold Bennett.
260 ## - PUBLICATION, DISTRIBUTION, ETC. (IMPRINT)
Place of publication, distribution, etc. London :
Name of publisher, distributor, etc. J.M. Dent & sons, ltd. ,
Date of publication, distribution, etc. 1930.
300 ## - PHYSICAL DESCRIPTION
Pagination 518 p. ;
Size 18 cm.
650 #0 - SUBJECT ADDED ENTRY--TOPICAL TERM
Topical term or geographic name as entry element Sisters
Form subdivision Fiction.
9 (RLIN) 42373
Topical term or geographic name as entry element Older women
Form subdivision Fiction.
9 (RLIN) 42185
Topical term or geographic name as entry element Women
Geographic subdivision England
Form subdivision Fiction.
9 (RLIN) 57423
942 ## - ADDED ENTRY ELEMENTS (KOHA)
Source of classification or shelving scheme Dewey Decimal Classification
Koha item type Books
Holdings
Lost status Source of classification or shelving scheme Damaged status Not for loan Collection code Permanent Location Current Location Shelving location Date acquired Source of acquisition Cost, normal purchase price Total Checkouts Full call number Date last seen Copy number Koha item type
  Dewey Decimal Classification   Not For Loan Fiction Central Library, University of Rajshahi Central Library, University of Rajshahi Reading Room 30/10/1968 Zeitlinger 13.60   823.914 BEO 1966 04/06/2024 C-1 Books